| 000 | 00000nam 2200000zi 4500 |
| 001 | 9.898159 |
| 003 | CaOODSP |
| 005 | 20240717114510 |
| 006 | m o d f |
| 007 | cr |n||||||||| |
| 008 | 210331s1980 onc o f000 0|eng d |
| 040 | |aCaOODSP|beng|erda|cCaOODSP |
| 043 | |an-cn-ns|an-cn--- |
| 086 | 1 |aRE24-36/1980E-PDF |
| 245 | 00|aSubsidiary agreement, Michelin Tire (Canada) Ltd., Canada/Nova Scotia. |
| 246 | 35|aSubsidiary Agreement for Assistance to Michelin Tires (Canada) Ltd. |
| 264 | 1|a[Ottawa] : |bGovernment of Canada, Regional Economic Expansion, |c[1980] |
| 300 | |a1 online resource (11, 3 pages) |
| 336 | |atext|btxt|2rdacontent |
| 337 | |acomputer|bc|2rdamedia |
| 338 | |aonline resource|bcr|2rdacarrier |
| 500 | |aDigitized edition from print [produced by Innovation, Science and Economic Development Canada]. |
| 500 | |aIssued also in French under title: Entente auxiliaire, la Société Michelin Tires (Canada) Ltd., Canada/Nouvelle-Écosse. |
| 650 | 0|aEconomic assistance, Domestic|zNova Scotia. |
| 650 | 0|aFederal government|zNova Scotia. |
| 651 | 0|aNova Scotia|xEconomic policy. |
| 710 | 1 |aCanada. |bDepartment of Regional Economic Expansion, |eissuing body. |
| 775 | 08|tEntente auxiliaire, la Société Michelin Tires (Canada) Ltd., Canada/Nouvelle-Écosse.|w(CaOODSP)9.940684 |
| 856 | 40|qPDF|s660 KB|uhttps://publications.gc.ca/collections/collection_2024/isde-ised/re24/RE24-36-1980-eng.pdf |